| 000 | 00720nam a22002537a 4500 | ||
|---|---|---|---|
| 003 | CHAP | ||
| 005 | 20220329140158.0 | ||
| 008 | 971013s1982 r 00010 d | ||
| 010 | _a48138 | ||
| 011 | _a49110 | ||
| 035 | _a53258 | ||
| 040 | _cCHAP | ||
| 082 |
_a301.3554 _bT6 |
||
| 100 | 0 | 0 |
_aTomar, J. S. _9113668 |
| 245 | _aNeglect of agriculture | ||
| 260 |
_aNew Delhi : _bAgricole Publishing Academy, _c1982 |
||
| 300 | _a83 p. | ||
| 590 |
_aBATCH-UPD _b10 _c20130110 _lUCH01 _h2212 |
||
| 590 |
_aCONVERSION _b10 _c20130109 _lUCH01 _h1326 |
||
| 650 | 1 | 4 |
_aIndia _xCondiciones rurales. _957543 |
| 901 | _aBK | ||
| 942 | _cLIBRO | ||
| 949 |
_a301.3554 T6 _bBC _cLIBRO _d33724000227294 _eLIBRO _gI.127588 _h66815 _i53258 _si |
||
| 999 |
_c48138 _d48138 |
||